000 00298nam a22001217a 4500
040 _cHS
082 _a631
100 _aសុខ វ៉ាន់ថន
245 _aការរៀបចំទឹក & ដី
260 _aRUA
_bសុខ​ វ៉ានថន
_c1997
300 _a90p.
942 _cKB
999 _c8666
_d8666